IPL Teams by their slogans - Statistics

General Stats
  • This quiz has been taken 115 times
  • The average score is 7 of 8
Answer Stats
Hint Answer % Correct
Whistle Podu Chennai Super Kings
99%
Duniya Hila Denge Hum Mumbai Indians
96%
Ee Sala Cup Namde Royal Challengers Bangalore
93%
Live Punjabi Play Punjabi Punjab Kings
90%
HALLA BOL Rajasthan Royals
89%
Khelo Front Foot Pe Delhi Capitals
85%
Korbo, Lorbo, Jeetbo Re Kolkata Knight Riders
84%
Orange Army Sunrisers Hyderabad
78%
No matching quizzes found
Score Distribution
Percent of People with Each Score
Percentile by Number Answered
Your Score History
You have not taken this quiz